Trắc nghiệm kiến thức du lịch 63 tỉnh, thành phố
Cuốn sách giúp bạn đọc có thêm thông tin về lễ hội, ẩm thực, danh lam thắng cảnh của đất nước. Đồng thời làm tăng thêm sự hiểu biết qua phương pháp trắc nghiệm, phát huy tính khám phá, lòng ham hiểu biết....
保存先:
| 第一著者: | |
|---|---|
| フォーマット: | 図書 |
| 言語: | Undetermined |
| 出版事項: |
Hà Nội
Quân đội Nhân dân
2011
|
| 主題: | |
| タグ: |
タグ追加
タグなし, このレコードへの初めてのタグを付けませんか!
|
| Thư viện lưu trữ: | Trung tâm Học liệu Trường Đại học Cần Thơ |
|---|
| LEADER | 01039nam a2200229Ia 4500 | ||
|---|---|---|---|
| 001 | CTU_166990 | ||
| 008 | 210402s9999 xx 000 0 und d | ||
| 020 | |c 32000 | ||
| 082 | |a 915.97 | ||
| 082 | |b B100 | ||
| 100 | |a Trần, Đình Ba | ||
| 245 | 0 | |a Trắc nghiệm kiến thức du lịch 63 tỉnh, thành phố | |
| 245 | 0 | |c Trần Đình Ba | |
| 260 | |a Hà Nội | ||
| 260 | |b Quân đội Nhân dân | ||
| 260 | |c 2011 | ||
| 520 | |a Cuốn sách giúp bạn đọc có thêm thông tin về lễ hội, ẩm thực, danh lam thắng cảnh của đất nước. Đồng thời làm tăng thêm sự hiểu biết qua phương pháp trắc nghiệm, phát huy tính khám phá, lòng ham hiểu biết. | ||
| 650 | |a Travelling,Vietnam,Du lịch,Hướn dẫn du lịch | ||
| 650 | |x Description and travel | ||
| 650 | |z Vietnam,Việt Nam,Việt Nam | ||
| 904 | |i Trinh,Qhieu | ||
| 980 | |a Trung tâm Học liệu Trường Đại học Cần Thơ | ||